British Monarchs, Reigns and Houses - Statistics

General Stats
  • This quiz has been taken 172 times
    78 since last reset
  • The average score is 15 of 43
Answer Stats
Answer % Correct
Charles III 2022 Windsor
98%
Elizabeth II 1952 Windsor
93%
George VI 1936 Windsor
78%
Edward VIII 1936 Windsor
76%
George V 1910 Windsor
76%
Edward VII 1901 Windsor
63%
Victoria 1837 Hanover
58%
George IV 1820 Hanover
54%
William IV 1830 Hanover
54%
George III 1760 Hanover
53%
George II 1727 Hanover
46%
Charles II 1660 Stuart
37%
James II 1685 Stuart
36%
Anne 1702 Stuart
34%
Charles 1625 Stuart
34%
Elizabeth 1558 Tudor
34%
George 1714 Hanover
34%
James 1603 Stuart
34%
Mary 1553 Tudor
32%
Edward VI 1547 Tudor
31%
Henry VIII 1509 Tudor
29%
Henry VII 1485 Tudor
27%
William 1066 Normandy
27%
William III 1689 Stuart
27%
Richard III 1483 York
25%
Edward V 1483 York
24%
William II 1087 Normandy
24%
Edward IV 1471 York
22%
Henry 1100 Normandy
20%
Henry VI 1470 Lancaster
20%
Edward IV 1461 York
19%
Edward 1272 Plantagenet
17%
Henry III 1216 Plantagenet
17%
Henry IV 1399 Lancaster
17%
Henry V 1413 Lancaster
17%
Henry VI 1422 Lancaster
17%
John 1199 Anjou
17%
Edward II 1307 Plantagenet
15%
Edward III 1327 Plantagenet
15%
Henry II 1154 Anjou
15%
Richard 1189 Anjou
15%
Richard II 1377 Plantagenet
15%
Stephen 1135 Blois
15%
No matching quizzes found
Score Distribution
Percent of People with Each Score
Percentile by Number Answered
Your Score History
You have not taken this quiz since the last reset